[Event "EuTCh"]
[Site "Leon ESP"]
[Date "2001.11.13"]
[Round "7"]
[White "Petrov,M"]
[Black "Sermek,D"]
[Result "0-1"]
[WhiteElo "2451"]
[BlackElo "2577"]
[EventDate "2001.11.06"]

1. e4 g6 2. d4 Bg7 3. c3 d6 4. Bg5 Nf6 5. Nd2 O-O 6. Ngf3 c5 7. dxc5 dxc5
8. Be2 Nc6 9. O-O Qc7 10. Re1 Rd8 11. Qc2 h6 12. Bh4 Nh5 13. Nc4 Be6 14.
Ne3 Nf4 15. Bf1 Ne5 16. Nxe5 Bxe5 17. g3 Nh5 18. f4 Bf6 19. Bxf6 Nxf6 20.
Bg2 Ng4 21. Nxg4 Bxg4 22. Qf2 Rd3 23. h3 Be6 24. Bf1 Rd6 25. f5 gxf5 26.
exf5 Bd5 27. Re5 b6 28. Qf4 Bb7 29. Rae1 Qc6 30. R1e4 Re8 31. Qg4+ Kf8 32.
Qh4 Rf6 33. g4 Rd8 34. Be2 Rd2 35. Rxe7 Rxe2 36. Re8+ Kg7 37. Rxe2 Qh1+ 38.
Kf2 Qf3+ 39. Ke1 Qh1+ 40. Kf2 Qf3+ 41. Ke1 Rd6 42. f6+ Rxf6 43. Kd2 Ba6 44.
c4 Rd6+ 45. Kc1 Qf4+ 46. R2e3 Qxc4+ 47. Rc3 Qf4+ 48. Ree3 Be2 49. Qe1 Rd1+
50. Qxd1 Bxd1 51. Kxd1 Qa4+ 52. Kc1 Qxa2 53. Rf3 Qa1+ 54. Kc2 Qa4+ 55. Kc1
a5 56. Rf5 Qe4 57. Rcf3 Qc4+ 58. Rc3 Qe6 59. Rf4 b5 60. Rf5 b4 61. Rcxc5
Qe1+ 62. Kc2 a4 63. Rc7 b3+ 64. Kd3 Qg3+ 0-1

[Event "EuTCh"]
[Site "Leon ESP"]
[Date "2001.11.13"]
[Round "7"]
[White "Pavasovic,D"]
[Black "Cheparinov,I"]
[Result "1/2-1/2"]
[WhiteElo "2526"]
[BlackElo "2461"]
[EventDate "2001.11.06"]

1. e4 c5 2. Nf3 d6 3. Bc4 Nf6 4. d3 Nc6 5. c3 a6 6. Bb3 Bg4 7. h3 Bh5 8. g4
Bg6 9. Qe2 e6 10. Nh4 Be7 11. Be3 d5 12. Nxg6 hxg6 13. g5 Nh5 14. exd5 exd5
15. d4 O-O 16. Qg4 Re8 17. O-O cxd4 18. cxd4 Na5 19. Bd1 Nc4 20. Bc1 Bb4
21. Bf3 Nd6 22. Bxd5 Nf5 23. Bxb7 Nxd4 24. Be3 Nc2 25. Bxa8 Qxa8 26. Bd2
Bxd2 27. Nxd2 Nxa1 28. Rxa1 Qd5 29. Nf3 Re4 30. Qc8+ Kh7 31. Rc1 Nf4 32.
Kh2 Re2 33. Kg3 Nd3 34. Qc6 Qf5 35. Rc4 Qb5 36. Qxb5 axb5 37. Rh4+ Kg8 38.
Rd4 Nxb2 39. Rd8+ Kh7 40. Rd2 Rxd2 41. Nxd2 f6 42. Ne4 fxg5 43. Nc3 b4 44.
Nd5 Nd3 45. Kf3 Kh6 46. Ke3 Nb2 47. Nxb4 Kh5 48. Nd3 Na4 49. f3 Kh4 50. Nf2
Nb6 51. Ne4 Kxh3 52. Nxg5+ Kh4 53. f4 Kg4 54. Ke4 Na4 55. Ke5 Nc5 56. Kd4
Na4 57. Ke5 Nc5 1/2-1/2

[Event "EuTCh"]
[Site "Leon ESP"]
[Date "2001.11.13"]
[Round "7"]
[White "Kempinski,R"]
[Black "Miladinovic,I"]
[Result "1/2-1/2"]
[WhiteElo "2586"]
[BlackElo "2495"]
[EventDate "2001.11.06"]

1. Nf3 d5 2. b3 g6 3. Bb2 Nf6 4. c4 c6 5. e3 Bg7 6. Be2 O-O 7. O-O Nbd7 8.
Nc3 b6 9. cxd5 Nxd5 10. Qc2 Nb4 11. Qe4 a5 12. Qh4 e5 13. Qxd8 Rxd8 14. a3
Na6 15. b4 Nc7 16. Rfc1 Bb7 17. Ne4 Ne8 18. Bc4 h6 19. d3 Kf8 20. g4 Ke7
21. Bc3 axb4 22. axb4 Nc7 23. Bd2 Nf6 24. Rxa8 Bxa8 25. Nxf6 Bxf6 26. Bc3
b5 27. Ba2 Rxd3 28. Bxe5 Na6 29. Bb1 Ra3 30. Be4 Nxb4 31. Bxf6+ Kxf6 32.
Nd4 Ra4 33. f3 Ra6 34. h4 Ke5 35. h5 gxh5 36. Rc5+ Nd5 37. gxh5 Kd6 38. Rc1
Nxe3 39. Kf2 Ra3 40. Bxc6 Bxc6 41. Rxc6+ Kd5 42. Rd6+ Kxd6 43. Nxb5+ Ke5
44. Nxa3 Kf4 45. Nb5 Nf5 46. Nc3 Kg5 47. Kg2 Kxh5 48. Kh3 Kg5 49. Nd5 Nd4
50. f4+ Kf5 51. Kg3 Ke6 52. Nc3 Nf5+ 53. Kg4 Ng7 54. Ne2 Kf6 55. Nd4 h5+
56. Kf3 Nf5 57. Nc6 Ne7 58. Ne5 Ng6 59. Nc6 Nh4+ 60. Kg3 Nf5+ 61. Kf3 Ke6
62. Ne5 Nd6 63. Kg3 Nf5+ 64. Kf3 f6 65. Nc4 Kd5 66. Nb6+ Kc6 67. Na4 Nh4+
68. Kg3 Nf5+ 69. Kf3 Kd5 70. Nb6+ Kd6 71. Na4 Nd4+ 72. Kg3 Ne6 73. Nc3 Ng7
74. Ne4+ Ke6 75. Kf3 h4 76. Nd2 f5 77. Kg2 Nh5 78. Kh3 Nxf4+ 79. Kxh4 Ke5
80. Kg3 Ne2+ 1/2-1/2

[Event "EuTCh"]
[Site "Leon ESP"]
[Date "2001.11.13"]
[Round "7"]
[White "Banikas,H"]
[Black "Socko,B"]
[Result "1-0"]
[WhiteElo "2526"]
[BlackElo "2564"]
[EventDate "2001.11.06"]

1. d4 Nf6 2. c4 e6 3. Nf3 Bb4+ 4. Bd2 Qe7 5. g3 Bxd2+ 6. Qxd2 d6 7. Nc3 O-O
8. Bg2 e5 9. O-O Nc6 10. h3 Re8 11. e4 Bd7 12. Rfe1 a6 13. Rad1 Qd8 14. c5
exd4 15. Nxd4 dxc5 16. Nb3 Qc8 17. Kh2 Rd8 18. Qf4 Nd4 19. e5 Nh5 20. Qh4
g6 21. Nxc5 Nf5 22. Qg5 Bc6 23. Bxc6 bxc6 24. g4 Nd4 25. Rxd4 Rxd4 26. gxh5
Qf5 27. Qxf5 gxf5 28. Rg1+ Kf8 29. Rg5 Rc4 30. Nb3 f4 31. Rf5 Ke7 32. Rf6
a5 33. a4 Rb4 34. Nc5 Rxb2 35. N3e4 Rg8 36. Rxf4 Rb1 37. Rg4 Rd8 38. Rg7
Rd5 39. e6 Rf5 40. Rxh7 Rc1 41. Rxf7+ Rxf7 42. exf7 Kxf7 43. f4 Kg7 44. f5
Kh6 45. Kg3 Kxh5 46. Kf4 Rh1 1-0

[Event "EuTCh"]
[Site "Leon ESP"]
[Date "2001.11.13"]
[Round "7"]
[White "Kacheishvili,G"]
[Black "Baklan,V"]
[Result "1-0"]
[WhiteElo "2583"]
[BlackElo "2590"]
[EventDate "2001.11.06"]

1. d4 g6 2. e4 Bg7 3. Nc3 c6 4. Nf3 d5 5. h3 Nf6 6. e5 Ne4 7. Nxe4 dxe4 8.
Ng5 c5 9. e6 fxe6 10. dxc5 Qd5 11. Bb5+ Bd7 12. Qe2 Bxb5 13. Qxb5+ Nc6 14.
Be3 O-O 15. Rd1 Nd4 16. c4 Nc2+ 17. Ke2 Qf5 18. Qb3 Nd4+ 19. Rxd4 Bxd4 20.
Bxd4 Qxg5 21. Qg3 Qh5+ 22. Qg4 Qf5 23. Rd1 Rad8 24. Qg3 e5 25. Be3 Rxd1 26.
Kxd1 Rd8+ 27. Kc1 Kf7 28. b3 Qh5 29. Qg4 Qxg4 30. hxg4 h5 31. gxh5 gxh5 32.
g3 a6 33. Kb2 Ke6 34. b4 Rd3 35. Kc2 Kd7 36. a4 a5 37. b5 Ra3 38. Bd2 Rxa4
39. Kb3 Ra1 40. Kb2 Rf1 41. Be3 Rd1 42. Kb3 Rd4 1-0

[Event "EuTCh"]
[Site "Leon ESP"]
[Date "2001.11.13"]
[Round "7"]
[White "Mchedlishvili,M"]
[Black "Malakhatko,V"]
[Result "1/2-1/2"]
[WhiteElo "2518"]
[BlackElo "2555"]
[EventDate "2001.11.06"]

1. d4 d5 2. c4 e6 3. Nf3 Nf6 4. Nc3 Be7 5. Bg5 h6 6. Bh4 O-O 7. e3 b6 8.
Bd3 Bb7 9. O-O Nbd7 10. Qe2 Ne4 11. Bg3 a6 12. Rfd1 Nxg3 13. hxg3 dxc4 14.
Bxc4 b5 15. Bd3 Qb8 16. Bc2 Rd8 17. d5 Nf8 18. dxe6 Nxe6 19. Rxd8+ Qxd8 20.
Rd1 Qe8 21. a4 Rb8 22. axb5 axb5 23. Qd3 Nf8 24. Nd4 b4 25. Nce2 Rd8 26.
Qc4 c5 27. Nf5 Rxd1+ 28. Bxd1 Ne6 29. Nf4 Bf8 30. Bb3 Ng5 31. Ng6 Qe4 32.
Qxe4 Bxe4 33. g4 h5 34. f3 Bb1 35. Ne5 hxg4 36. fxg4 Ne6 37. Kf2 g6 38.
Nxg6 fxg6 39. Bxe6+ Kh7 40. Ng3 Bd3 41. Ne2 Kg7 42. g5 Ba6 43. Bd5 c4 44.
Ke1 Be7 45. Nf4 Bxg5 46. Ne6+ Kf6 47. Nxg5 Kxg5 48. Be4 Kf6 49. Kd2 Bc8 50.
g3 Be6 51. Bf3 Ke5 52. Bg2 Bd5 53. Bf1 Kd6 54. Be2 Kc5 55. Bd1 Be4 56. Be2
Kb5 57. Bf1 Bf3 58. b3 Bd5 59. e4 Bxe4 1/2-1/2

[Event "EuTCh"]
[Site "Leon ESP"]
[Date "2001.11.13"]
[Round "7"]
[White "Ftacnik,L"]
[Black "Cvitan,O"]
[Result "1/2-1/2"]
[WhiteElo "2566"]
[BlackElo "2550"]
[EventDate "2001.11.06"]

1. d4 Nf6 2. Nf3 e6 3. c4 c5 4. g3 cxd4 5. Nxd4 d5 6. Bg2 e5 7. Nf3 d4 8.
O-O Nc6 9. e3 Bc5 10. exd4 exd4 11. Nbd2 O-O 12. Nb3 Qb6 13. Re1 Be6 14.
Bg5 Nd7 15. Nxc5 Qxc5 16. Rc1 Bg4 17. Bf4 Rfe8 18. Qb3 Qb6 19. Qxb6 axb6
20. h3 Rxe1+ 21. Rxe1 Be6 22. Rd1 Rxa2 23. Nxd4 Nxd4 24. Rxd4 Rxb2 25. Bxb7
h6 26. Bc8 Nc5 27. Be3 1/2-1/2

[Event "EuTCh"]
[Site "Leon ESP"]
[Date "2001.11.13"]
[Round "7"]
[White "Zelcic,R"]
[Black "Stohl,I"]
[Result "1-0"]
[WhiteElo "2547"]
[BlackElo "2534"]
[EventDate "2001.11.06"]

1. e4 c5 2. Nf3 e6 3. d4 cxd4 4. Nxd4 Nf6 5. Nc3 d6 6. Be2 Be7 7. O-O O-O
8. f4 Qb6 9. Kh1 Nc6 10. Nxc6 bxc6 11. Bd3 Nd7 12. Na4 Qc7 13. c4 c5 14.
Qc2 Bb7 15. Be3 g6 16. Rae1 Bf6 17. Qf2 Bg7 18. Bd2 Rfe8 19. Bc3 f5 20.
Bxg7 Kxg7 21. Nc3 Nf6 22. Bc2 Rad8 23. h3 fxe4 24. Nxe4 Bxe4 25. Bxe4 d5
26. Bd3 dxc4 27. Bxc4 Rd4 28. Bb5 Rb8 29. a4 Qd6 30. Qc2 Nh5 31. Qc3 Nxf4
32. Rc1 a6 33. Bc4 Nd5 34. Bxd5 Qxd5 35. Rf3 c4 36. Rcf1 Rb7 37. Qe1 Rd2
38. Qh4 Qd4 39. Rf4 Qxb2 40. Rxc4 Qe5 41. Re4 Qb2 42. Qf4 Rd8 43. Re5 Rbd7
44. Qf6+ 1-0

[Event "EuTCh"]
[Site "Leon ESP"]
[Date "2001.11.13"]
[Round "7"]
[White "Markos,J"]
[Black "Zaja,I"]
[Result "1-0"]
[WhiteElo "2435"]
[BlackElo "2476"]
[EventDate "2001.11.06"]

1. d4 Nf6 2. c4 e6 3. Nf3 Bb4+ 4. Nbd2 b6 5. a3 Bxd2+ 6. Bxd2 Bb7 7. g3 d6
8. Bg2 Nbd7 9. O-O O-O 10. b4 Ne4 11. Be3 h6 12. Qb3 Ndf6 13. Rac1 a5 14.
Ne1 axb4 15. axb4 Ng4 16. h3 Nxe3 17. Qxe3 f5 18. Nd3 Qg5 19. Nf4 e5 20.
dxe5 dxe5 21. Nd5 Qxe3 22. Nxe3 Ra2 23. Ra1 Rxe2 24. Ra7 f4 25. gxf4 exf4
26. Rxb7 fxe3 27. fxe3 Rxf1+ 28. Kxf1 Ng3+ 29. Kg1 Nf5 30. Bd5+ Kf8 31. e4
Ng3 32. Rxc7 Nxe4 33. Rf7+ Ke8 34. Rb7 Nc3 35. Bc6+ Kd8 36. Rd7+ Kc8 37.
Rxg7 1-0

[Event "EuTCh"]
[Site "Leon ESP"]
[Date "2001.11.13"]
[Round "7"]
[White "Golubovic,B"]
[Black "Likavsky,T"]
[Result "0-1"]
[WhiteElo "2458"]
[BlackElo "2403"]
[EventDate "2001.11.06"]

1. d4 Nf6 2. Nf3 e6 3. g3 b5 4. Bg2 Bb7 5. O-O c5 6. c3 Be7 7. Bg5 Qc7 8.
a4 b4 9. a5 O-O 10. Nbd2 Na6 11. e4 h6 12. Bxf6 Bxf6 13. e5 Be7 14. Qe2
bxc3 15. bxc3 d5 16. h4 cxd4 17. cxd4 Rfc8 18. g4 Nb4 19. a6 Bxa6 20. Rxa6
Nxa6 21. Qxa6 Qd8 22. h5 Rcb8 23. Rb1 Rxb1+ 24. Nxb1 Qc8 25. Qd3 Qc1+ 26.
Bf1 Rb8 27. Nfd2 Rb2 28. Qa6 Bb4 29. g5 hxg5 30. Kg2 Bxd2 31. Bd3 0-1

[Event "EuTCh"]
[Site "Leon ESP"]
[Date "2001.11.13"]
[Round "7"]
[White "Krakops,M"]
[Black "Illescas Cordoba,M"]
[Result "0-1"]
[WhiteElo "2518"]
[BlackElo "2577"]
[EventDate "2001.11.06"]

1. e4 e5 2. Nf3 Nf6 3. Nxe5 d6 4. Nf3 Nxe4 5. d4 d5 6. Bd3 Be7 7. O-O Nc6
8. c4 Nb4 9. Be2 O-O 10. a3 Nc6 11. cxd5 Qxd5 12. Nc3 Nxc3 13. bxc3 Bf5 14.
Bf4 Na5 15. Bxc7 b6 16. Bf4 Rac8 17. Bd2 Bd6 18. Re1 h6 19. a4 Rc7 20. h3
Qb3 21. Bb5 Qb2 22. Re2 Qb3 23. Ne5 Qd5 24. Be1 Qb7 25. c4 Rd8 26. Bxa5
bxa5 27. d5 Qb6 28. Nc6 Rf8 29. Nd4 Bg6 30. Bc6 a6 31. Nb3 Rd8 32. c5 Bxc5
33. Nxc5 Rxc6 34. Nb3 Rcd6 35. Re3 Rxd5 36. Qe1 Kh7 37. Kh2 Qc7+ 38. g3 Qb6
39. Rc1 Rd3 40. Rxd3 Rxd3 41. Nxa5 Rf3 42. Kg2 Ra3 43. Rc4 Qd6 44. Kh2 Qd5
45. Rc8 Bf5 46. Rc4 Rd3 47. Rc1 Rd4 48. Nc6 Re4 49. Qf1 Qd2 50. Rd1 Qb2 51.
a5 Ra4 52. Kg1 Be4 53. Nd8 Qb3 54. f3 Ra2 0-1

[Event "EuTCh"]
[Site "Leon ESP"]
[Date "2001.11.13"]
[Round "7"]
[White "Del Rio Angelis,S"]
[Black "Bryson,D"]
[Result "1-0"]
[WhiteElo "2489"]
[BlackElo "2384"]
[EventDate "2001.11.06"]

1. e4 d5 2. exd5 Nf6 3. d4 Nxd5 4. Nf3 Bg4 5. c4 Nb6 6. Nc3 e6 7. h3 Bh5 8.
g4 Bg6 9. Ne5 N8d7 10. Nxg6 hxg6 11. c5 Nd5 12. Qb3 Qf6 13. Nxd5 exd5 14.
Qxb7 Qe6+ 15. Be3 Rb8 16. Qxc7 Be7 17. O-O-O O-O 18. Bd3 Rfc8 19. Qa5 Bf6
20. b4 Bd8 21. Qa6 Rc6 22. Qa3 Nb6 23. Rde1 Qd7 24. Re2 Nc8 25. b5 Rf6 26.
f4 Re6 27. Bd2 Bf6 28. Rxe6 fxe6 29. Qb4 Qc7 30. Re1 Kf7 31. Kd1 Qd7 32. a4
Bd8 33. f5 gxf5 34. gxf5 exf5 35. c6 Qc7 36. Bxf5 g6 37. Bxc8 Rxc8 38. Rf1+
Bf6 39. Bg5 Qg3 40. Rxf6+ 1-0

[Event "EuTCh"]
[Site "Leon ESP"]
[Date "2001.11.13"]
[Round "7"]
[White "Muir,A"]
[Black "Lopez Martinez,J"]
[Result "0-1"]
[WhiteElo "2313"]
[BlackElo "2474"]
[EventDate "2001.11.06"]

1. d4 Nf6 2. c4 e6 3. Nc3 Bb4 4. e3 O-O 5. Bd3 d5 6. Nf3 c5 7. O-O cxd4 8.
exd4 dxc4 9. Bxc4 b6 10. Bg5 Bb7 11. Ne5 Be7 12. Qd3 Nc6 13. Nxc6 Bxc6 14.
Rad1 Rc8 15. Bb3 h6 16. Bh4 Re8 17. Bc2 g6 18. Rfe1 Nd5 19. Bxe7 Rxe7 20.
Qg3 Qc7 21. Qxc7 Rexc7 22. Ne4 Kg7 23. Bb3 Rd8 24. Rc1 Nf4 25. Rc4 Rcc8 26.
f3 Nd3 27. Re2 Bxe4 28. fxe4 Rxc4 29. Bxc4 Rxd4 30. Bxd3 Rxd3 31. e5 g5 32.
g4 h5 33. gxh5 Kh6 34. Rf2 Rd7 35. Kg2 Kxh5 36. a3 Kg6 37. Kg3 Rd3+ 38. Kg2
Re3 39. Rc2 Rxe5 40. Rc7 Re2+ 41. Kg3 a5 0-1

[Event "EuTCh"]
[Site "Leon ESP"]
[Date "2001.11.13"]
[Round "7"]
[White "Herraiz Lopez,H"]
[Black "Upton,T"]
[Result "1-0"]
[WhiteElo "2435"]
[BlackElo "2303"]
[EventDate "2001.11.06"]

1. d4 d5 2. c4 e6 3. Nc3 Be7 4. Nf3 Nf6 5. Bg5 O-O 6. Qc2 c5 7. dxc5 Nc6 8.
a3 d4 9. Rd1 Bxc5 10. b4 Be7 11. e3 e5 12. Bd3 h6 13. Bxf6 Bxf6 14. O-O Be6
15. exd4 Nxd4 16. Nxd4 exd4 17. Ne4 Be7 18. f4 f5 19. Ng3 Qd7 20. Rfe1 Bh4
21. c5 Kh8 22. Re5 Bf6 23. Re2 g6 24. Nh1 Bd5 25. Rde1 Rae8 26. Nf2 Rxe2
27. Rxe2 Re8 28. Kf1 Re3 29. Nd1 Re7 30. Nb2 Qc7 31. g3 Re3 32. Nd1 Re7 33.
Rxe7 Qxe7 34. Qe2 Qxe2+ 35. Kxe2 Kg7 36. Nb2 Kf7 37. Kd2 Ke7 38. h4 Bf3 39.
Nc4 Ke6 40. Na5 Kd7 41. h5 gxh5 42. Bxf5+ Kc7 43. Nc4 h4 44. gxh4 Bxh4 45.
Kd3 Bf2 46. Nd6 a6 47. Be4 Bxe4+ 48. Nxe4 Be3 49. f5 Kd7 50. Nf6+ Kd8 51.
a4 Bc1 52. b5 axb5 53. axb5 Be3 54. Nd5 Bf2 55. f6 Ke8 56. c6 bxc6 57. bxc6
Bg3 58. c7 Kd7 59. f7 Bd6 60. Nf6+ Kc8 61. Ne8 Bc5 62. Kc4 Be7 63. Kxd4 h5
64. Kd5 h4 65. Kc6 1-0

[Event "EuTCh"]
[Site "Leon ESP"]
[Date "2001.11.13"]
[Round "7"]
[White "Salmensuu,O"]
[Black "Stefansson,H"]
[Result "0-1"]
[WhiteElo "2436"]
[BlackElo "2575"]
[EventDate "2001.11.06"]

1. e4 c5 2. Nf3 Nc6 3. c3 d5 4. exd5 Qxd5 5. d4 Nf6 6. dxc5 Qxc5 7. Na3 Ng4
8. Qe2 Bf5 9. Nb5 O-O-O 10. Nfd4 e6 11. Nxc6 bxc6 12. Nd4 Rxd4 13. cxd4
Qxd4 14. a3 Bc5 15. Be3 Nxe3 16. fxe3 Qxe3 17. Qxe3 Bxe3 18. Ba6+ Kc7 19.
Ke2 Bd4 20. Rhe1 Be4 21. Kf1 Bd5 22. Red1 Bxb2 23. Rab1 Rb8 24. Rd2 Bxa3
0-1

[Event "EuTCh"]
[Site "Leon ESP"]
[Date "2001.11.13"]
[Round "7"]
[White "Gunnarsson,J"]
[Black "Norri,J"]
[Result "0-1"]
[WhiteElo "2386"]
[BlackElo "2418"]
[EventDate "2001.11.06"]

1. e4 e5 2. Nf3 Nc6 3. Bc4 Nf6 4. d3 Bc5 5. c3 d6 6. Bb3 a6 7. Nbd2 Ba7 8.
h3 Qe7 9. Nf1 Be6 10. Be3 d5 11. Bxa7 Rxa7 12. Ng3 h6 13. O-O O-O 14. exd5
Bxd5 15. Re1 Qd6 16. Bxd5 Qxd5 17. Re3 Raa8 18. Qa4 Rfe8 19. Rae1 Rad8 20.
Nf5 Qd7 21. Ng3 Nd5 22. Re4 Nf6 23. R4e3 Nd5 24. Re4 f5 25. Rh4 f4 26. Nh5
Nd4 27. Qd1 Nf5 28. Rg4 Qf7 29. Nxe5 Qxh5 30. Ng6 Nf6 31. Ne5 Nd6 32. d4
Nxg4 33. hxg4 Qg5 34. Qb3+ Kh7 35. f3 Re7 36. Kf2 Rde8 37. Qd5 g6 38. c4
Nf7 0-1

[Event "EuTCh"]
[Site "Leon ESP"]
[Date "2001.11.13"]
[Round "7"]
[White "Holmsten,A"]
[Black "Thorfinnsson,Br"]
[Result "1/2-1/2"]
[WhiteElo "2422"]
[BlackElo "2393"]
[EventDate "2001.11.06"]

1. Nf3 Nf6 2. g3 d5 3. Bg2 c6 4. O-O Bg4 5. Ne5 Bf5 6. d4 Nfd7 7. f4 h5 8.
Nd2 h4 9. e4 dxe4 10. Nxe4 e6 11. g4 h3 12. Bf3 Nxe5 13. fxe5 Bxe4 14. Bxe4
Be7 15. Qf3 Qxd4+ 16. Be3 Qxe5 17. Qxf7+ Kd8 18. Rad1+ Nd7 19. Rxd7+ Kxd7
20. Rd1+ Kc8 21. Qxe7 Qxe4 22. Qd7+ Kb8 23. Qd6+ 1/2-1/2

[Event "EuTCh"]
[Site "Leon ESP"]
[Date "2001.11.13"]
[Round "7"]
[White "Kristjansson,S"]
[Black "Maki Uuro,Mi"]
[Result "1/2-1/2"]
[WhiteElo "2374"]
[BlackElo "2342"]
[EventDate "2001.11.06"]

1. e4 c5 2. Nf3 d6 3. d4 cxd4 4. Nxd4 Nf6 5. Nc3 Nc6 6. Bg5 e6 7. Qd2 a6 8.
O-O-O Bd7 9. f4 h6 10. Bxf6 Qxf6 11. Nf3 Qd8 12. Kb1 Qc7 13. h4 b5 14. f5
Be7 15. g4 b4 16. Ne2 Ne5 17. Nxe5 dxe5 18. Ng3 exf5 19. gxf5 O-O 20. Nh5
Rfd8 21. Rg1 Kf8 22. Rxg7 Ba4 23. Bd3 Rxd3 24. Qxd3 Rd8 25. Rdg1 Bg5 26.
hxg5 1/2-1/2

[Event "EuTCh"]
[Site "Leon ESP"]
[Date "2001.11.13"]
[Round "7"]
[White "Damljanovic,B"]
[Black "Mitkov,N"]
[Result "0-1"]
[WhiteElo "2569"]
[BlackElo "2514"]
[EventDate "2001.11.06"]

1. c4 e6 2. Nf3 d5 3. d4 Nf6 4. Nc3 Bb4 5. Qa4+ Nc6 6. e3 O-O 7. Bd2 Re8 8.
Rd1 a6 9. Qc2 h6 10. a3 Bd6 11. h3 dxc4 12. Bxc4 e5 13. d5 Ne7 14. e4 Ng6
15. Be3 b5 16. Be2 Bd7 17. O-O Nh5 18. Nh2 Nhf4 19. Bg4 Bxg4 20. hxg4 Qh4
21. f3 h5 22. Kh1 hxg4 23. fxg4 Nf8 24. Rf3 Qe7 25. Rdf1 Nh7 26. g3 Ng6 27.
Rxf7 Qxf7 28. Rxf7 Kxf7 29. Qf2+ Kg8 30. Qf5 Nhf8 31. Nf3 Re7 32. Ng5 Nh8
33. b4 Nf7 34. Ne6 Rae8 35. Bg5 Nxe6 36. dxe6 Rxe6 37. Nd5 Nxg5 38. Qxg5 c6
39. Ne3 Bf8 40. Kg2 R8e7 41. Nf5 Rd7 42. Qe3 g6 43. Qb3 Kf7 44. g5 Rc7 45.
Nh4 Rce7 46. Qc3 Rd7 47. Qf3+ Ke7 48. Qf2 c5 49. bxc5 Ke8 50. Qc2 Rc6 51.
Nf5 Kf7 52. Nh6+ Bxh6 53. gxh6 Kg8 54. Qa2+ Kh7 55. Kf3 Re7 56. Kg4 0-1

[Event "EuTCh"]
[Site "Leon ESP"]
[Date "2001.11.13"]
[Round "7"]
[White "Nedev,T"]
[Black "Ilincic,Z"]
[Result "0-1"]
[WhiteElo "2514"]
[BlackElo "2521"]
[EventDate "2001.11.06"]

1. e4 c5 2. Nf3 d6 3. d4 cxd4 4. Nxd4 Nf6 5. Nc3 a6 6. Be3 e6 7. f3 b5 8.
Qd2 Nbd7 9. O-O-O Bb7 10. g4 Nb6 11. Qf2 Nfd7 12. Bd3 Rc8 13. Nce2 d5 14.
e5 Nc4 15. f4 Bc5 16. Kb1 Qb6 17. Rhf1 b4 18. g5 g6 19. h4 a5 20. h5 a4 21.
Rh1 Rg8 22. hxg6 hxg6 23. Rh6 Ra8 24. Rdh1 b3 25. cxb3 axb3 26. axb3 Qa6
27. Kc2 Qa2 28. Bc1 Rc8 29. Nc3 Qa7 30. Rh8 Bxd4 31. Rxg8+ Ke7 32. Rxc8
Bxf2 33. Rg8 Ndxe5 34. fxe5 Nxe5 35. Bb5 d4 36. Bf4 dxc3 37. Re8+ Kd6 38.
Rd1+ Kc5 39. Ba4 Be4+ 40. Kc1 Nd3+ 41. Rxd3 cxb2+ 42. Kxb2 Bxd3 43. Kc3 Ba6
44. b4+ Kd5 0-1

[Event "EuTCh"]
[Site "Leon ESP"]
[Date "2001.11.13"]
[Round "7"]
[White "Stamenkov,V"]
[Black "Kovacevic,A"]
[Result "1-0"]
[WhiteElo "2378"]
[BlackElo "2553"]
[EventDate "2001.11.06"]

1. Nf3 g6 2. c4 Bg7 3. Nc3 c5 4. g3 Nc6 5. Bg2 e6 6. d3 Nge7 7. Bg5 O-O 8.
O-O h6 9. Bd2 d5 10. Qc1 Kh7 11. cxd5 exd5 12. e4 Nb4 13. Ne1 Be6 14. a3
Nbc6 15. exd5 Nxd5 16. Nxd5 Bxd5 17. Qxc5 Bxg2 18. Kxg2 Bxb2 19. Rb1 Bd4
20. Qc4 Ne5 21. Qb3 b6 22. f4 Nc6 23. Nf3 Qd7 24. Rfe1 Rad8 25. Rbc1 Qb7
26. Bb4 Nxb4 27. Qxb4 Bf6 28. Qe4 Rd5 29. Rc4 Rfd8 30. Rec1 R8d7 31. d4 Ra5
32. Rc6 Rxa3 33. d5 1-0

[Event "EuTCh"]
[Site "Leon ESP"]
[Date "2001.11.13"]
[Round "7"]
[White "Dervishi,E"]
[Black "Danner,G"]
[Result "1-0"]
[WhiteElo "2501"]
[BlackElo "2416"]
[EventDate "2001.11.06"]

1. e4 c5 2. Nf3 d6 3. d4 cxd4 4. Nxd4 Nf6 5. Nc3 a6 6. Be2 e5 7. Nb3 Be7 8.
O-O O-O 9. Kh1 Be6 10. f4 exf4 11. Bxf4 Nc6 12. Qe1 Ne8 13. Rd1 Bh4 14. Qd2
Bf6 15. Qe3 Be5 16. Bxe5 Nxe5 17. Nd4 Qb6 18. Qg3 Rc8 19. Nxe6 fxe6 20.
Rxf8+ Kxf8 21. Qh3 Qxb2 22. Nd5 exd5 23. Qxc8 dxe4 24. Qe6 Qxc2 25. Rf1+
Nf6 26. Qxd6+ Kf7 27. Bh5+ Ng6 28. Bd1 Qc6 29. Bb3+ Ke8 30. Qb8+ Ke7 31.
Rd1 Qb6 32. Rc1 Nd7 33. Qg8 Qf6 34. Qd5 Qe5 35. Qxb7 e3 36. Rd1 Ngf8 37.
Qf3 Ne6 38. Re1 Nd4 39. Qxe3 Qxe3 40. Rxe3+ Kd6 41. Rg3 g6 42. Bc4 a5 43.
Ra3 Nb6 44. Bg8 a4 45. Bxh7 Nb5 46. Rg3 Nc4 47. Bxg6 1-0

[Event "EuTCh"]
[Site "Leon ESP"]
[Date "2001.11.13"]
[Round "7"]
[White "Volkmann,F"]
[Black "Seitaj,I"]
[Result "0-1"]
[WhiteElo "2414"]
[BlackElo "2386"]
[EventDate "2001.11.06"]

1. e4 e5 2. Nf3 Nc6 3. Bb5 f5 4. Nc3 fxe4 5. Nxe4 d5 6. Nxe5 dxe4 7. Nxc6
Qg5 8. Qe2 Nf6 9. f4 Qxf4 10. Ne5+ c6 11. d4 Qh4+ 12. g3 Qh3 13. Bc4 Be6
14. Bg5 Bd6 15. Rf1 O-O 16. Ng4 Nd5 17. Nf2 Qxh2 18. O-O-O Bxg3 19. Qxe4
Bf5 20. Bxd5+ Kh8 21. Qf3 cxd5 22. Nd3 Rac8 23. Rd2 Qh3 24. Be7 Rf7 25. Ne5
Rxe7 26. Rh1 Rxe5 27. dxe5 Qg4 28. Qxg4 Bxg4 29. Rg1 Bf4 30. Rxg4 Bxd2+ 31.
Kxd2 Re8 32. Rb4 b6 33. Ra4 a5 34. b4 axb4 35. Kd3 h5 36. Kd4 g5 37. Rxb4
h4 38. Kxd5 h3 39. Ke4 h2 40. Rb1 Kg7 41. Rh1 Rh8 42. Kf5 Rf8+ 43. Kxg5 Rf2
44. e6 Rxc2 45. a4 Re2 46. Kg4 Kf6 47. Kg3 Rb2 48. Re1 Ke7 49. Kf3 Rd2 50.
Rb1 Ra2 51. Kg3 Re2 52. Kf3 Rxe6 53. Kg2 Rh6 54. Kh1 Kd7 55. Rb5 Kc6 56.
Rb4 Rh5 57. Rg4 Kb7 58. Rf4 Ka6 59. Rg4 Ka5 60. Rf4 Rh3 61. Rg4 Ra3 62.
Kxh2 Rxa4 63. Rg3 b5 64. Kg2 Rf4 65. Ra3+ Kb6 66. Kg3 b4 67. Rb3 Rd4 68.
Kf2 Kb5 69. Ke3 Rd8 70. Rb1 Kc4 71. Ke2 Kc3 72. Rc1+ Kb2 73. Rc7 b3 74. Ra7
Kb1 75. Ra6 b2 76. Ra7 Rd5 77. Ke3 Kc2 78. Rc7+ Kd1 79. Rb7 Rd2 80. Rh7 Rd5
0-1

[Event "EuTCh"]
[Site "Leon ESP"]
[Date "2001.11.13"]
[Round "7"]
[White "Rama,L"]
[Black "Baumegger,S"]
[Result "1/2-1/2"]
[WhiteElo "2311"]
[BlackElo "2395"]
[EventDate "2001.11.06"]

1. d4 Nf6 2. c4 c6 3. Nf3 d5 4. e3 Bf5 5. Nc3 e6 6. Nh4 Bg6 7. Qb3 Qb6 8.
Nxg6 hxg6 9. Bd3 Nbd7 10. Bd2 Be7 11. c5 Qc7 12. f4 Ng4 13. Be2 Bh4+ 14.
Kf1 Ndf6 15. Bxg4 Nxg4 16. Ke2 f5 17. h3 Nf6 18. Be1 Bxe1 19. Raxe1 b6 20.
cxb6 axb6 21. Rc1 Qa7 22. Rhd1 O-O 23. a3 Rf7 24. Kf2 Ne8 25. Kg1 Nd6 26.
Nb1 c5 27. Nd2 Rc7 28. Nf3 Ne4 29. Rc2 Qa5 30. Qd3 Qa6 31. Qb3 Qa4 32. Qxa4
Rxa4 33. dxc5 bxc5 34. Nd2 Nd6 35. Nf3 Rc4 36. Rdc1 Rxc2 37. Rxc2 Ne4 38.
Ne1 Rb7 39. Nd3 c4 40. Nb4 Kf7 41. g4 Rb6 42. gxf5 gxf5 43. Kf1 g5 44. fxg5
Nxg5 45. Rg2 Ne4 46. Ke1 Rb8 47. h4 Rh8 48. Rh2 Ke7 49. Nc6+ Kd6 50. Nd4
Nc5 51. h5 Rh6 52. Nb5+ Ke5 53. Nc3 f4 54. exf4+ Kxf4 55. a4 Kg5 56. a5
Rxh5 57. Rxh5+ Kxh5 58. Nb5 Kg5 59. Nc7 Nd3+ 60. Kd2 Nxb2 61. Nxe6+ Kf5 62.
Nc5 d4 63. a6 c3+ 64. Kc2 Nc4 65. a7 Nb6 66. Kd3 Na8 1/2-1/2

[Event "EuTCh"]
[Site "Leon ESP"]
[Date "2001.11.13"]
[Round "7"]
[White "David,Alb"]
[Black "Godena,M"]
[Result "1/2-1/2"]
[WhiteElo "2522"]
[BlackElo "2496"]
[EventDate "2001.11.06"]

1. e4 e6 2. d4 d5 3. Nc3 dxe4 4. Nxe4 Nd7 5. Bd3 Ngf6 6. Qe2 c5 7. Nxf6+
Nxf6 8. dxc5 Bxc5 9. Bd2 Qb6 10. O-O-O Bd7 11. f4 O-O-O 12. Nf3 Ng4 13. Ng5
f5 14. Nf7 Nf2 15. Nxh8 Rxh8 16. Rhf1 1/2-1/2

[Event "EuTCh"]
[Site "Leon ESP"]
[Date "2001.11.13"]
[Round "7"]
[White "Borgo,G"]
[Black "Wagener,C"]
[Result "1-0"]
[WhiteElo "2424"]
[BlackElo "2183"]
[EventDate "2001.11.06"]

1. Nf3 Nf6 2. c4 g6 3. b3 Bg7 4. Bb2 O-O 5. g3 d6 6. d4 c6 7. Nc3 Nbd7 8.
Bg2 Re8 9. O-O e5 10. Qc2 Qc7 11. Rad1 b6 12. Ba3 Bf8 13. Ng5 Bb7 14. Nge4
d5 15. Nxf6+ Nxf6 16. Bxf8 Kxf8 17. cxd5 cxd5 18. Qd2 Ne4 19. Bxe4 dxe4 20.
d5 f5 21. Rc1 Qd7 22. f3 exf3 23. e4 Kg7 24. Rxf3 fxe4 25. Nxe4 Rf8 26. Rd3
Rac8 27. Re1 Rf5 28. Nc3 Rcf8 29. Rde3 Qd6 30. Qd3 a6 31. Qe4 Re8 32. b4 h5
33. a3 Rc8 34. Qd3 b5 35. Rd1 Rc4 36. Ne4 Qd8 37. Nc5 Rd4 38. Ne6+ Kh7 39.
Nxd8 1-0

[Event "EuTCh"]
[Site "Leon ESP"]
[Date "2001.11.13"]
[Round "7"]
[White "Brittner,S"]
[Black "D'Amore,C"]
[Result "1/2-1/2"]
[WhiteElo "2202"]
[BlackElo "2456"]
[EventDate "2001.11.06"]

1. d4 g6 2. c4 Bg7 3. e4 d6 4. Nc3 e5 5. dxe5 dxe5 6. Qxd8+ Kxd8 7. f4 Nd7
8. Nf3 c6 9. Be2 f6 10. O-O Ke8 11. g3 Nh6 12. fxe5 Nxe5 13. Nxe5 fxe5 14.
Kg2 Nf7 15. Nd1 Nd8 16. Be3 Ne6 17. Nf2 h5 18. c5 Bd7 19. Bc4 1/2-1/2